[Event "1SM"]
[Site "Sharjah Chess Club"]
[Date "2017.03.30"]
[Round "8.4"]
[White "Sethuraman, S.P."]
[Black "Naiditsch, Arkadij"]
[Result "1/2-1/2"]
[BlackElo "2702"]
[WhiteElo "2629"]
[LiveChessVersion "1.4.8"]

1. d4 {[%clk 1:40:13]} Nf6 {[%clk 1:40:22]} 2. c4 {[%clk 1:40:35]} e6
{[%clk 1:40:45]} 3. Nf3 {[%clk 1:40:35]} d5 {[%clk 1:41:06]} 4. g3
{[%clk 1:40:59]} dxc4 {[%clk 1:40:21]} 5. Bg2 {[%clk 1:41:23]} a6
{[%clk 1:40:02]} 6. O-O {[%clk 1:40:03]} Nc6 {[%clk 1:39:50]} 7. e3
{[%clk 1:40:05]} Rb8 {[%clk 1:39:41]} 8. Nfd2 {[%clk 1:39:54]} Qd7
{[%clk 1:39:33]} 9. Nxc4 {[%clk 1:40:04]} b5 {[%clk 1:39:55]} 10. Ncd2
{[%clk 1:39:12]} Be7 {[%clk 1:38:22]} 11. Nc3 {[%clk 1:37:42]} O-O
{[%clk 1:38:33]} 12. Nb3 {[%clk 1:34:53]} Rd8 {[%clk 1:36:50]} 13. Qe2
{[%clk 1:30:01]} a5 {[%clk 1:10:52]} 14. Rd1 {[%clk 1:26:07]} a4 {[%clk 0:58:17]}
15. Nd2 {[%clk 1:04:49]} b4 {[%clk 0:49:21]} 16. Nxa4 {[%clk 0:54:12]} Nxd4
{[%clk 0:46:48]} 17. exd4 {[%clk 0:54:37]} Qxa4 {[%clk 0:47:11]} 18. b3
{[%clk 0:54:27]} Qa6 {[%clk 0:38:46]} 19. Nc4 {[%clk 0:52:31]} Bb7
{[%clk 0:38:41]} 20. Bxb7 {[%clk 0:50:08]} Rxb7 {[%clk 0:38:22]} 21. Qf3
{[%clk 0:43:46]} Qa8 {[%clk 0:33:33]} 22. a4 {[%clk 0:36:16]} bxa3
{[%clk 0:33:04]} 23. Bxa3 {[%clk 0:36:40]} Ra7 {[%clk 0:28:16]} 24. Qxa8
{[%clk 0:36:51]} Rdxa8 {[%clk 0:28:39]} 25. Bb2 {[%clk 0:37:16]} Rxa1
{[%clk 0:26:47]} 26. Rxa1 {[%clk 0:37:37]} Rb8 {[%clk 0:27:03]} 27. Ba3
{[%clk 0:27:41]} Bxa3 {[%clk 0:26:03]} 28. Rxa3 {[%clk 0:28:05]} g5
{[%clk 0:26:03]} 29. Kf1 {[%clk 0:24:55]} Kg7 {[%clk 0:24:36]} 30. Ke2
{[%clk 0:24:44]} g4 {[%clk 0:24:14]} 31. Ne3 {[%clk 0:24:01]} h5 {[%clk 0:17:49]}
32. Kd3 {[%clk 0:19:21]} Kf8 {[%clk 0:14:15]} 33. Nc4 {[%clk 0:17:48]} Ke8
{[%clk 0:12:53]} 34. Ne5 {[%clk 0:17:33]} Nd5 {[%clk 0:12:52]} 35. Nc6
{[%clk 0:16:21]} Nb4+ {[%clk 0:10:30]} 36. Nxb4 {[%clk 0:16:46]} Rxb4
{[%clk 0:10:56]} 37. Kc3 {[%clk 0:12:57]} Rb5 {[%clk 0:10:50]} 38. Ra8+
{[%clk 0:13:21]} Kd7 {[%clk 0:10:56]} 39. Rh8 {[%clk 0:13:08]} Rf5
{[%clk 0:11:16]} 40. b4 {[%clk 0:12:12]} Kd6 {[%clk 0:10:28]} 41. Kc4
{[%clk 0:12:00]} c6 {[%clk 0:06:45]} 42. Kd3 {[%clk 0:12:06]} Ke7
{[%clk 0:05:25]} 43. Ke2 {[%clk 0:11:11]} Kd7 {[%clk 0:04:26]} 44. Kd3
{[%clk 0:08:25]} Kc7 {[%clk 0:04:35]} 45. Kc4 {[%clk 0:08:37]} Kd6
{[%clk 0:04:43]} 46. Kd3 {[%clk 0:08:55]} Rf3+ {[%clk 0:04:05]} 47. Kc4
{[%clk 0:08:58]} Rxf2 {[%clk 0:04:20]} 48. Rxh5 {[%clk 0:09:23]} Rf1
{[%clk 0:04:38]} 49. Rg5 {[%clk 0:06:40]} f5 {[%clk 0:04:45]} 50. Rg7
{[%clk 0:07:01]} Rh1 {[%clk 0:04:13]} 51. Rh7 {[%clk 0:06:16]} f4
{[%clk 0:04:25]} 52. Rf7 {[%clk 0:06:14]} fxg3 {[%clk 0:00:54]} 53. hxg3
{[%clk 0:06:40]} Rg1 {[%clk 0:01:17]} 54. Rf8 {[%clk 0:05:22]} Rxg3
{[%clk 0:01:39]} 55. Rd8+ {[%clk 0:05:13]} Kc7 {[%clk 0:02:08]} 56. Re8
{[%clk 0:05:18]} Rg1 {[%clk 0:01:29]} 57. Kd3 {[%clk 0:05:23]} g3
{[%clk 0:01:25]} 58. Ke3 {[%clk 0:04:40]} Rb1 {[%clk 0:01:23]} 59. Kf3
{[%clk 0:04:55]} Rb3+ {[%clk 0:00:58]} 60. Kg2 {[%clk 0:05:21]} Re3
{[%clk 0:00:42]} 61. Rg8 {[%clk 0:05:03]} Rd3 {[%clk 0:00:57]} 62. Rg5
{[%clk 0:04:34]} Rb3 {[%clk 0:00:54]} 63. Rg4 {[%clk 0:04:13]} Kd6
{[%clk 0:01:01]} 64. Re4 {[%clk 0:04:37]} Rd3 {[%clk 0:00:48]} 65. Kh3
{[%clk 0:05:02]} Ra3 {[%clk 0:00:59]} 66. Re5 {[%clk 0:05:13]} Rb3
{[%clk 0:01:11]} 67. Re4 {[%clk 0:05:38]} Ke7 {[%clk 0:00:42]} 68. Rg4
{[%clk 0:05:43]} Kf6 {[%clk 0:00:36]} 69. Rxg3 {[%clk 0:05:42]} Rxb4
{[%clk 0:00:55]} 70. Rc3 {[%clk 0:05:45]} Rb6 {[%clk 0:00:39]} 71. Kg3
{[%clk 0:05:18]} e5 {[%clk 0:00:47]} 72. Kf3 {[%clk 0:04:44]} exd4
{[%clk 0:00:53]} 73. Rc5 {[%clk 0:05:10]} Rb3+ {[%clk 0:00:35]} 74. Ke4
{[%clk 0:05:23]} Rc3 {[%clk 0:00:53]} 75. Kxd4 {[%clk 0:05:48]} Rxc5
{[%clk 0:01:18]} 76. Kxc5 {[%clk 0:06:15]} Kf5 {[%clk 0:01:43]} 77. Kxc6
{[%clk 0:06:42]} Ke5 1/2-1/2

[Event "1SM"]
[Site "Sharjah Chess Club"]
[Date "2017.03.30"]
[Round "8.5"]
[White "Adhiban, B."]
[Black "Gledura, Benjamin"]
[Result "1-0"]
[BlackElo "2588"]
[WhiteElo "2682"]
[LiveChessVersion "1.4.8"]

1. e4 {[%clk 1:40:27]} e5 {[%clk 1:40:19]} 2. Nf3 {[%clk 1:40:53]} Nc6
{[%clk 1:40:43]} 3. Bb5 {[%clk 1:41:19]} a6 {[%clk 1:40:57]} 4. Ba4
{[%clk 1:41:46]} Nf6 {[%clk 1:41:16]} 5. Nc3 {[%clk 1:42:10]} b5 {[%clk 1:40:46]}
6. Bb3 {[%clk 1:42:36]} Be7 {[%clk 1:40:16]} 7. a4 {[%clk 1:39:39]} b4
{[%clk 1:36:44]} 8. Nd5 {[%clk 1:39:02]} O-O {[%clk 1:22:44]} 9. O-O
{[%clk 1:39:11]} d6 {[%clk 1:19:28]} 10. d4 {[%clk 1:37:49]} Bg4 {[%clk 1:05:57]}
11. dxe5 {[%clk 1:35:12]} dxe5 {[%clk 1:05:10]} 12. Be3 {[%clk 1:33:09]} Na5
{[%clk 0:58:55]} 13. Nxf6+ {[%clk 1:33:30]} Bxf6 {[%clk 0:54:11]} 14. Bd5
{[%clk 1:33:54]} c6 {[%clk 0:53:33]} 15. Ba2 {[%clk 1:34:22]} Qc7
{[%clk 0:52:24]} 16. h3 {[%clk 1:29:53]} Rfd8 {[%clk 0:47:09]} 17. Qe2
{[%clk 1:30:20]} Bxf3 {[%clk 0:47:23]} 18. Qxf3 {[%clk 1:30:43]} Qb7
{[%clk 0:39:18]} 19. Bc5 {[%clk 0:54:35]} Rd2 {[%clk 0:38:13]} 20. Rac1
{[%clk 0:52:25]} Rad8 {[%clk 0:36:21]} 21. Rfd1 {[%clk 0:33:52]} b3
{[%clk 0:22:59]} 22. cxb3 {[%clk 0:25:30]} Rxb2 {[%clk 0:22:38]} 23. Rxd8+
{[%clk 0:25:13]} Bxd8 {[%clk 0:23:07]} 24. Qd3 {[%clk 0:24:18]} Be7
{[%clk 0:21:01]} 25. Rc2 {[%clk 0:19:55]} Rxc2 {[%clk 0:17:12]} 26. Qxc2
{[%clk 0:20:21]} Qd7 {[%clk 0:17:23]} 27. b4 {[%clk 0:19:58]} Bxc5
{[%clk 0:13:25]} 28. Qxc5 {[%clk 0:20:26]} Qd1+ {[%clk 0:12:35]} 29. Kh2
{[%clk 0:20:52]} Qd2 {[%clk 0:12:51]} 30. Qxe5 {[%clk 0:19:58]} h6
{[%clk 0:12:36]} 31. Qe8+ {[%clk 0:19:51]} Kh7 {[%clk 0:13:01]} 32. Qxf7
{[%clk 0:20:08]} 1-0

[Event "1SM"]
[Site "Sharjah Chess Club"]
[Date "2017.03.30"]
[Round "8.6"]
[White "Maghsoodloo, Parham"]
[Black "Mareco, Sandro"]
[Result "1/2-1/2"]
[BlackElo "2664"]
[WhiteElo "2576"]
[LiveChessVersion "1.4.8"]

1. d4 {[%clk 1:40:28]} Nf6 {[%clk 1:40:25]} 2. c4 {[%clk 1:40:52]} e6
{[%clk 1:40:52]} 3. Nf3 {[%clk 1:41:15]} d5 {[%clk 1:41:19]} 4. Nc3
{[%clk 1:41:39]} a6 {[%clk 1:41:33]} 5. c5 {[%clk 1:38:21]} b6 {[%clk 1:41:03]}
6. cxb6 {[%clk 1:38:27]} cxb6 {[%clk 1:41:29]} 7. Bf4 {[%clk 1:38:34]} Bd6
{[%clk 1:40:35]} 8. Bg3 {[%clk 1:31:30]} Bb7 {[%clk 1:37:21]} 9. e3
{[%clk 1:31:51]} O-O {[%clk 1:37:10]} 10. Rc1 {[%clk 1:28:10]} Nc6
{[%clk 1:24:29]} 11. Bd3 {[%clk 1:26:08]} Rc8 {[%clk 1:22:39]} 12. O-O
{[%clk 1:24:57]} b5 {[%clk 1:16:23]} 13. Ne2 {[%clk 1:11:47]} Be7
{[%clk 1:16:24]} 14. Bh4 {[%clk 1:07:04]} Qb6 {[%clk 1:04:12]} 15. Ne5
{[%clk 1:03:51]} Nb8 {[%clk 1:01:54]} 16. Rxc8 {[%clk 1:00:45]} Rxc8
{[%clk 0:51:48]} 17. Nf4 {[%clk 1:01:02]} Qc7 {[%clk 0:50:25]} 18. Qf3
{[%clk 1:00:26]} Nbd7 {[%clk 0:37:24]} 19. Bxf6 {[%clk 0:35:15]} Nxf6
{[%clk 0:35:51]} 20. Nh5 {[%clk 0:35:25]} Bd8 {[%clk 0:33:29]} 21. Nxf6+
{[%clk 0:30:01]} Bxf6 {[%clk 0:33:49]} 22. Ng4 {[%clk 0:30:30]} Be7
{[%clk 0:21:43]} 23. Qe2 {[%clk 0:30:58]} Bd6 {[%clk 0:19:11]} 24. f4
{[%clk 0:31:21]} f6 {[%clk 0:19:14]} 25. g3 {[%clk 0:29:00]} Qe7 {[%clk 0:16:43]}
26. Bc2 {[%clk 0:24:26]} b4 {[%clk 0:16:13]} 27. Nf2 {[%clk 0:23:56]} g6
{[%clk 0:12:36]} 28. Bb3 {[%clk 0:22:52]} Kg7 {[%clk 0:12:39]} 29. Qd2
{[%clk 0:23:05]} a5 {[%clk 0:12:42]} 30. Rc1 {[%clk 0:23:21]} Rxc1+
{[%clk 0:09:51]} 31. Qxc1 {[%clk 0:23:49]} e5 {[%clk 0:10:01]} 1/2-1/2

[Event "1SM"]
[Site "Sharjah Chess Club"]
[Date "2017.03.30"]
[Round "8.7"]
[White "Xu, Yinglun"]
[Black "Fressinet, Laurent"]
[Result "1/2-1/2"]
[BlackElo "2662"]
[WhiteElo "2540"]
[LiveChessVersion "1.4.8"]

1. d4 {[%clk 1:40:26]} d5 {[%clk 1:40:25]} 2. c4 {[%clk 1:40:45]} c6
{[%clk 1:40:51]} 3. Nf3 {[%clk 1:41:01]} Nf6 {[%clk 1:41:15]} 4. e3
{[%clk 1:41:24]} Bf5 {[%clk 1:41:39]} 5. Nc3 {[%clk 1:41:43]} a6 {[%clk 1:42:05]}
6. Bd3 {[%clk 1:40:00]} Bg6 {[%clk 1:41:32]} 7. O-O {[%clk 1:33:50]} e6
{[%clk 1:40:48]} 8. Qe2 {[%clk 1:25:35]} Bh5 {[%clk 1:38:45]} 9. Rd1
{[%clk 1:22:34]} Bb4 {[%clk 1:26:15]} 10. e4 {[%clk 1:15:45]} Bxc3
{[%clk 1:23:42]} 11. bxc3 {[%clk 1:16:12]} dxe4 {[%clk 1:23:25]} 12. Bxe4
{[%clk 1:16:38]} Nxe4 {[%clk 1:23:15]} 13. Qxe4 {[%clk 1:17:02]} O-O
{[%clk 1:21:18]} 14. a4 {[%clk 1:15:30]} Nd7 {[%clk 1:15:38]} 15. Re1
{[%clk 1:12:10]} Qa5 {[%clk 1:06:42]} 16. Ba3 {[%clk 0:54:42]} Rfc8
{[%clk 0:58:20]} 17. Ne5 {[%clk 0:46:50]} Bg6 {[%clk 0:47:01]} 18. Bb4
{[%clk 0:44:28]} Qxe5 {[%clk 0:39:40]} 19. Qxe5 {[%clk 0:41:47]} Nxe5
{[%clk 0:39:39]} 20. Rxe5 {[%clk 0:41:44]} b6 {[%clk 0:38:20]} 21. a5
{[%clk 0:36:38]} b5 {[%clk 0:35:37]} 1/2-1/2

[Event "1SM"]
[Site "Sharjah Chess Club"]
[Date "2017.03.30"]
[Round "8.8"]
[White "Areshchenko, Alexander"]
[Black "Schroeder, Jan-Christian"]
[Result "1-0"]
[BlackElo "2543"]
[WhiteElo "2682"]
[LiveChessVersion "1.4.8"]

1. e4 {[%clk 1:40:27]} e5 {[%clk 1:40:27]} 2. Nf3 {[%clk 1:40:54]} Nc6
{[%clk 1:40:53]} 3. Bb5 {[%clk 1:41:20]} Nf6 {[%clk 1:41:20]} 4. d3
{[%clk 1:41:21]} Bc5 {[%clk 1:41:46]} 5. Bxc6 {[%clk 1:41:43]} dxc6
{[%clk 1:42:12]} 6. Nbd2 {[%clk 1:41:47]} Be6 {[%clk 1:42:36]} 7. O-O
{[%clk 1:40:47]} Bd6 {[%clk 1:37:10]} 8. b3 {[%clk 1:41:00]} Nd7 {[%clk 1:34:36]}
9. Nc4 {[%clk 1:39:37]} Bxc4 {[%clk 1:32:45]} 10. bxc4 {[%clk 1:40:03]} O-O
{[%clk 1:33:10]} 11. Rb1 {[%clk 1:40:27]} b6 {[%clk 1:31:56]} 12. Bg5
{[%clk 1:40:51]} f6 {[%clk 1:29:42]} 13. Be3 {[%clk 1:41:02]} Bc5
{[%clk 1:28:03]} 14. Bd2 {[%clk 1:41:27]} a6 {[%clk 1:10:11]} 15. a4
{[%clk 1:37:47]} Bd6 {[%clk 1:09:05]} 16. Nh4 {[%clk 1:36:40]} Nc5
{[%clk 1:08:45]} 17. a5 {[%clk 1:28:18]} b5 {[%clk 1:09:07]} 18. cxb5
{[%clk 1:28:43]} cxb5 {[%clk 1:09:14]} 19. g3 {[%clk 1:27:03]} g6
{[%clk 0:56:57]} 20. Kh1 {[%clk 1:26:54]} Ne6 {[%clk 0:48:16]} 21. Qg4
{[%clk 1:09:48]} Ng7 {[%clk 0:47:54]} 22. Bh6 {[%clk 1:03:55]} Qc8
{[%clk 0:47:30]} 23. Qe2 {[%clk 1:03:54]} Qh3 {[%clk 0:45:44]} 24. c3
{[%clk 0:59:03]} Rf7 {[%clk 0:44:29]} 25. Bxg7 {[%clk 0:56:32]} Kxg7
{[%clk 0:44:52]} 26. d4 {[%clk 0:56:31]} c6 {[%clk 0:41:44]} 27. Nf3
{[%clk 0:45:07]} Re8 {[%clk 0:41:41]} 28. Rfe1 {[%clk 0:35:29]} Bc7
{[%clk 0:33:51]} 29. dxe5 {[%clk 0:34:16]} Bxe5 {[%clk 0:31:38]} 30. Nxe5
{[%clk 0:34:28]} Rxe5 {[%clk 0:32:06]} 31. f4 {[%clk 0:33:39]} Re8
{[%clk 0:30:50]} 32. Rbd1 {[%clk 0:30:25]} Qe6 {[%clk 0:28:36]} 33. Qe3
{[%clk 0:25:41]} Rfe7 {[%clk 0:26:25]} 34. Qc5 {[%clk 0:24:57]} Qg4
{[%clk 0:13:32]} 35. Rd8 h5 {[%clk 0:08:54]} 36. Rxe8 {[%clk 0:17:57]} Rxe8
{[%clk 0:09:23]} 37. Qxc6 {[%clk 0:18:06]} Rc8 {[%clk 0:09:06]} 38. Qb7+
{[%clk 0:11:05]} Kh6 {[%clk 0:07:53]} 39. e5 {[%clk 0:11:26]} fxe5
{[%clk 0:07:49]} 40. fxe5 {[%clk 0:11:28]} h4 {[%clk 0:05:33]} 41. e6
{[%clk 0:07:37]} hxg3 {[%clk 0:05:25]} 42. Qg2 {[%clk 0:06:32]} Rxc3
{[%clk 0:04:02]} 43. Qd2+ {[%clk 0:05:53]} 1-0

[Event "1SM"]
[Site "Sharjah Chess Club"]
[Date "2017.03.30"]
[Round "8.9"]
[White "Akopian, Vladimir"]
[Black "Narayanan, Srinath"]
[Result "1-0"]
[BlackElo "2472"]
[WhiteElo "2675"]
[LiveChessVersion "1.4.8"]

1. e4 {[%clk 1:40:05]} e5 {[%clk 1:40:23]} 2. Nf3 {[%clk 1:40:14]} Nc6
{[%clk 1:40:46]} 3. Bc4 {[%clk 1:40:26]} Nf6 {[%clk 1:40:59]} 4. d3
{[%clk 1:40:47]} Be7 {[%clk 1:41:17]} 5. O-O {[%clk 1:39:47]} O-O
{[%clk 1:41:37]} 6. Nbd2 {[%clk 1:37:42]} d6 {[%clk 1:38:21]} 7. a3
{[%clk 1:35:23]} Be6 {[%clk 1:27:26]} 8. Re1 {[%clk 1:32:02]} Bxc4
{[%clk 1:24:46]} 9. dxc4 {[%clk 1:30:48]} Nd7 {[%clk 1:24:26]} 10. Nf1
{[%clk 1:30:18]} g6 {[%clk 1:20:15]} 11. Ne3 {[%clk 1:23:54]} Bf6
{[%clk 1:20:04]} 12. Nd5 {[%clk 1:18:24]} Bg7 {[%clk 1:19:51]} 13. Bg5
{[%clk 1:18:31]} f6 {[%clk 1:19:16]} 14. Be3 {[%clk 1:18:56]} Kh8
{[%clk 1:18:19]} 15. b4 {[%clk 1:17:41]} Qb8 {[%clk 1:08:16]} 16. Qd3
{[%clk 1:10:31]} Nd8 {[%clk 0:56:52]} 17. c5 {[%clk 1:07:59]} dxc5
{[%clk 0:55:07]} 18. Ne7 {[%clk 1:01:35]} Nb6 {[%clk 0:52:17]} 19. Bxc5
{[%clk 0:42:33]} Ne6 {[%clk 0:47:17]} 20. Bxb6 {[%clk 0:37:23]} axb6
{[%clk 0:47:39]} 21. Qd7 {[%clk 0:37:46]} Nf4 {[%clk 0:47:42]} 22. g3
{[%clk 0:36:40]} Qe8 {[%clk 0:41:45]} 23. Qxc7 {[%clk 0:33:59]} Rf7
{[%clk 0:41:50]} 24. gxf4 {[%clk 0:34:12]} Rxe7 {[%clk 0:42:14]} 25. Qxb6
{[%clk 0:34:12]} exf4 {[%clk 0:42:36]} 26. Rad1 {[%clk 0:32:51]} Qc8
{[%clk 0:42:10]} 27. Rd3 {[%clk 0:32:32]} Qxc2 {[%clk 0:41:34]} 28. Rd8+
{[%clk 0:31:14]} Re8 {[%clk 0:41:58]} 29. Rxa8 {[%clk 0:30:58]} Rxa8
{[%clk 0:42:21]} 30. Qxb7 {[%clk 0:31:17]} Rd8 {[%clk 0:41:20]} 31. b5
{[%clk 0:30:00]} g5 {[%clk 0:40:13]} 32. b6 {[%clk 0:25:37]} Bf8 {[%clk 0:35:42]}
33. Qf7 {[%clk 0:20:19]} Qc8 {[%clk 0:33:03]} 34. Qxf6+ {[%clk 0:19:06]} Bg7
{[%clk 0:33:27]} 35. Qf5 {[%clk 0:19:04]} Qc3 {[%clk 0:32:37]} 36. Kg2
{[%clk 0:18:20]} 1-0

[Event "1SM"]
[Site "Sharjah Chess Club"]
[Date "2017.03.30"]
[Round "8.10"]
[White "Xu, Xiangyu"]
[Black "Iturrizaga Bonelli, Eduardo"]
[Result "1/2-1/2"]
[BlackElo "2673"]
[WhiteElo "2503"]
[LiveChessVersion "1.4.8"]

1. e4 {[%clk 1:40:19]} g6 {[%clk 1:40:10]} 2. d4 {[%clk 1:39:33]} Bg7
{[%clk 1:40:37]} 3. Nf3 {[%clk 1:39:54]} d6 {[%clk 1:40:37]} 4. Nc3
{[%clk 1:39:57]} c6 {[%clk 1:40:28]} 5. a4 {[%clk 1:39:16]} Nf6 {[%clk 1:39:12]}
6. h3 {[%clk 1:39:27]} O-O {[%clk 1:39:31]} 7. Be3 {[%clk 1:39:38]} Qc7
{[%clk 1:39:32]} 8. Be2 {[%clk 1:37:18]} Nbd7 {[%clk 1:32:10]} 9. O-O
{[%clk 1:37:37]} b6 {[%clk 1:31:29]} 10. Nh2 {[%clk 1:03:05]} e5 {[%clk 1:25:29]}
11. dxe5 {[%clk 0:58:30]} dxe5 {[%clk 1:24:23]} 12. Ng4 {[%clk 0:56:51]} Nxg4
{[%clk 1:09:55]} 13. hxg4 {[%clk 0:57:06]} Rd8 {[%clk 1:09:29]} 14. Qe1
{[%clk 0:55:43]} Nf8 {[%clk 1:02:12]} 15. f3 {[%clk 0:55:52]} Ne6
{[%clk 0:58:40]} 16. Qh4 {[%clk 0:54:40]} Nd4 {[%clk 0:42:25]} 17. Bd3
{[%clk 0:54:48]} Be6 {[%clk 0:41:04]} 18. Kf2 {[%clk 0:51:47]} f6
{[%clk 0:40:43]} 19. Rh1 {[%clk 0:46:37]} Bh8 {[%clk 0:40:42]} 20. Rh2
{[%clk 0:46:56]} Rd7 {[%clk 0:35:19]} 21. Rah1 {[%clk 0:47:15]} Rf8
{[%clk 0:33:23]} 22. g5 {[%clk 0:38:53]} Qd6 {[%clk 0:31:36]} 23. gxf6
{[%clk 0:23:18]} Bxf6 {[%clk 0:30:09]} 24. Bg5 {[%clk 0:23:41]} Qc5
{[%clk 0:25:49]} 25. Kg3 {[%clk 0:24:04]} Bxg5 {[%clk 0:14:49]} 26. Qxg5
{[%clk 0:24:30]} Rdf7 {[%clk 0:15:04]} 27. Rf1 {[%clk 0:21:20]} Rf4
{[%clk 0:11:58]} 28. Rh6 {[%clk 0:15:18]} R8f6 {[%clk 0:09:29]} 29. Nd1
{[%clk 0:15:23]} Nxf3 {[%clk 0:03:10]} 30. gxf3 {[%clk 0:14:53]} Rxf3+
{[%clk 0:03:38]} 31. Kg2 {[%clk 0:15:16]} Rxf1 {[%clk 0:04:00]} 32. Bxf1
{[%clk 0:15:39]} Qxc2+ {[%clk 0:04:19]} 33. Kg1 {[%clk 0:15:49]} Rxf1+
{[%clk 0:01:08]} 34. Kxf1 {[%clk 0:16:14]} Qxd1+ {[%clk 0:00:34]} 35. Kf2
{[%clk 0:16:42]} Bg4 {[%clk 0:00:33]} 36. Rh2 {[%clk 0:15:55]} Qf3+
{[%clk 0:00:51]} 37. Kg1 {[%clk 0:16:15]} Qd1+ {[%clk 0:00:48]} 38. Kf2
{[%clk 0:16:40]} Qf3+ {[%clk 0:00:33]} 39. Kg1 {[%clk 0:17:09]} Qd1+
{[%clk 0:00:39]} 1/2-1/2

[Event "1SM"]
[Site "Sharjah Chess Club"]
[Date "2017.03.30"]
[Round "8.11"]
[White "Sargissian, Gabriel"]
[Black "Harika, Dronavalli"]
[Result "1/2-1/2"]
[BlackElo "2539"]
[WhiteElo "2666"]
[LiveChessVersion "1.4.8"]

1. d4 {[%clk 1:36:31]} Nf6 {[%clk 1:40:18]} 2. Nf3 {[%clk 1:36:27]} d5
{[%clk 1:40:24]} 3. c4 {[%clk 1:36:47]} e6 {[%clk 1:40:41]} 4. e3
{[%clk 1:37:10]} Nbd7 {[%clk 1:33:57]} 5. b3 {[%clk 1:33:59]} Bd6
{[%clk 1:31:34]} 6. Bb2 {[%clk 1:33:45]} b6 {[%clk 1:31:32]} 7. Nc3
{[%clk 1:33:14]} Bb7 {[%clk 1:31:19]} 8. Bd3 {[%clk 1:32:52]} a6 {[%clk 1:30:20]}
9. O-O {[%clk 1:33:07]} O-O {[%clk 1:30:39]} 10. Rc1 {[%clk 1:32:41]} Qe7
{[%clk 1:27:42]} 11. Qe2 {[%clk 1:27:01]} dxc4 {[%clk 1:18:41]} 12. bxc4
{[%clk 1:26:48]} e5 {[%clk 1:18:59]} 13. e4 {[%clk 1:15:51]} exd4
{[%clk 1:01:21]} 14. Nxd4 {[%clk 1:12:43]} Qe5 {[%clk 0:58:40]} 15. Nf3
{[%clk 1:00:05]} Qh5 {[%clk 0:57:07]} 16. Nd5 {[%clk 0:58:46]} Rae8
{[%clk 0:53:52]} 17. Qc2 {[%clk 0:56:59]} b5 {[%clk 0:42:08]} 18. Nxf6+
{[%clk 0:46:07]} Nxf6 {[%clk 0:41:14]} 19. Bxf6 {[%clk 0:46:06]} gxf6
{[%clk 0:40:19]} 20. cxb5 {[%clk 0:45:56]} axb5 {[%clk 0:38:19]} 21. Rfe1
{[%clk 0:43:28]} Bc8 {[%clk 0:32:14]} 22. Qb2 {[%clk 0:29:29]} Bg4
{[%clk 0:29:30]} 23. Qxf6 {[%clk 0:29:02]} Bxf3 {[%clk 0:29:02]} 24. Qxf3
{[%clk 0:28:57]} Qxh2+ {[%clk 0:20:18]} 25. Kf1 {[%clk 0:28:43]} f5
{[%clk 0:20:12]} 26. Qh3 {[%clk 0:24:04]} Qxh3 {[%clk 0:20:09]} 27. gxh3
{[%clk 0:24:28]} fxe4 {[%clk 0:20:32]} 28. Rxe4 {[%clk 0:24:37]} Rxe4
{[%clk 0:17:00]} 29. Bxe4 {[%clk 0:25:02]} Rf4 {[%clk 0:17:22]} 30. f3
{[%clk 0:21:59]} h6 {[%clk 0:17:01]} 31. Rd1 {[%clk 0:22:09]} Kg7
{[%clk 0:16:23]} 32. Rd5 {[%clk 0:22:25]} 1/2-1/2

[Event "1SM"]
[Site "Sharjah Chess Club"]
[Date "2017.03.30"]
[Round "8.12"]
[White "Deepan, Chakkravarthy J."]
[Black "Salem, A.R. Saleh"]
[Result "0-1"]
[BlackElo "2652"]
[WhiteElo "2483"]
[LiveChessVersion "1.4.8"]

1. e4 {[%clk 1:40:36]} c5 {[%clk 1:40:51]} 2. Nf3 {[%clk 1:40:53]} d6
{[%clk 1:41:14]} 3. d4 {[%clk 1:41:06]} cxd4 {[%clk 1:41:39]} 4. Nxd4
{[%clk 1:41:32]} Nf6 {[%clk 1:42:03]} 5. Nc3 {[%clk 1:41:56]} a6 {[%clk 1:42:30]}
6. g3 {[%clk 1:41:49]} e6 {[%clk 1:42:50]} 7. Bg2 {[%clk 1:42:11]} Be7
{[%clk 1:43:11]} 8. O-O {[%clk 1:42:22]} O-O {[%clk 1:43:35]} 9. Be3
{[%clk 1:42:43]} Nc6 {[%clk 1:43:45]} 10. Nxc6 {[%clk 1:38:58]} bxc6
{[%clk 1:44:13]} 11. e5 {[%clk 1:39:22]} dxe5 {[%clk 1:44:40]} 12. Bxc6
{[%clk 1:39:45]} Rb8 {[%clk 1:44:46]} 13. Qxd8 {[%clk 1:39:22]} Rxd8
{[%clk 1:45:14]} 14. b3 {[%clk 1:39:04]} Bb7 {[%clk 1:41:57]} 15. Bxb7
{[%clk 1:38:45]} Rxb7 {[%clk 1:42:26]} 16. Na4 {[%clk 1:38:40]} Nd5
{[%clk 1:40:59]} 17. Bd2 {[%clk 1:30:28]} e4 {[%clk 1:38:17]} 18. Rfd1
{[%clk 1:27:06]} f5 {[%clk 1:26:18]} 19. Kf1 {[%clk 1:25:13]} Kf7
{[%clk 1:21:01]} 20. Ke2 {[%clk 1:24:37]} Rc8 {[%clk 1:17:41]} 21. c4
{[%clk 1:19:41]} Nb4 {[%clk 1:17:26]} 22. Bxb4 {[%clk 1:04:31]} Bxb4
{[%clk 1:16:49]} 23. Rac1 {[%clk 1:04:22]} Ke7 {[%clk 1:16:26]} 24. Rd4
{[%clk 0:40:23]} Rc6 {[%clk 1:03:43]} 25. Rcd1 {[%clk 0:40:19]} Rc8
{[%clk 0:56:37]} 26. Rc1 {[%clk 0:40:21]} g6 {[%clk 0:56:55]} 27. Rcd1
{[%clk 0:34:13]} h6 {[%clk 0:54:24]} 28. h4 {[%clk 0:34:33]} Ba3 {[%clk 0:50:45]}
29. Ke3 {[%clk 0:34:42]} Rbc7 {[%clk 0:44:21]} 30. Nb6 {[%clk 0:33:25]} Rb8
{[%clk 0:43:31]} 31. Na4 {[%clk 0:33:39]} Ke8 {[%clk 0:34:13]} 32. Kf4
{[%clk 0:30:10]} Ke7 {[%clk 0:34:20]} 33. Ke3 {[%clk 0:30:29]} Rb4
{[%clk 0:34:47]} 34. Ke2 {[%clk 0:24:55]} Kf6 {[%clk 0:33:16]} 35. R1d2
{[%clk 0:19:56]} Rc6 {[%clk 0:25:33]} 36. Nc3 {[%clk 0:18:32]} Ke5
{[%clk 0:21:02]} 37. Rd8 {[%clk 0:17:01]} Rb7 {[%clk 0:20:54]} 38. Rd1
{[%clk 0:15:48]} g5 {[%clk 0:17:39]} 39. Rh8 {[%clk 0:13:42]} gxh4
{[%clk 0:17:59]} 40. gxh4 {[%clk 0:14:10]} Bb4 {[%clk 0:18:17]} 41. Na4
{[%clk 0:13:31]} Rcc7 {[%clk 0:18:25]} 42. Rxh6 {[%clk 0:13:33]} Rd7
{[%clk 0:18:43]} 43. Nb2 {[%clk 0:06:45]} Rxd1 {[%clk 0:14:35]} 44. Nxd1
{[%clk 0:07:13]} Rd7 {[%clk 0:15:01]} 45. Ne3 {[%clk 0:04:38]} Rd2+
{[%clk 0:15:23]} 46. Kf1 {[%clk 0:05:06]} f4 {[%clk 0:15:18]} 47. Rh5+
{[%clk 0:03:52]} Kd4 {[%clk 0:15:44]} 48. Ng4 {[%clk 0:04:11]} Rd1+
{[%clk 0:15:54]} 0-1